000 00454 a2200181 4500
001 002382
003 OSt
005 20220125111844.0
008
082 _a338.5
_bG78M
100 1 _aGravelle, H.
245 1 _aMicroeconomics
_cby H. Gravelle and Ray Rees
260 _aNew Delhi
_bPearson
_c2004
300 _a748p.
653 _aMicroeconomics; Macroeconomics; Economics
700 _aRees, Ray
942 _2ddc
_cBK
999 _c79
_d79